000 00985 a2200313 4500
001 63764
005 20260407155937.0
008 260407a1996 arg spa d
003 AR-UNSa-BCEJYS
040 _aAR-UNSa-BCEJYS
_bspa
_cAR-UNSa-BCEJYS
080 _a657.23
_xCompensaciones. Correcciones. Ajustes (devaluación monetaria)
245 1 0 _aEl ajuste por inflación ante el decreto 316/95
020 _a978-950-811-041-1
264 1 _aBuenos Aires :
_bEdiciones Nueva Técnica
_c1996
300 _a50 p.
_c27 cm.
041 _aspa
942 _cBK
590 _aniveau_biblio:m niveau_hierar:0
100 1 _aChaves, Osvaldo Argentino
700 1 _aBasile, Dante Sebastián
700 1 _aDe Lellis, Ricardo
700 1 _aFowler Newton, Enrique
700 1 _aFronti de García, Luisa
700 1 _aOklander, Juan
700 1 _aPahlen Acuña, Ricardo Jose María
700 1 _aSánchez Brot, Luis E.
700 1 _aViegas, Juan Carlos
700 1 _aWainstein, Mario
999 _c8324
_d8324